| 000 | 00475nam a2200169 i 4500 | ||
|---|---|---|---|
| 001 | 84122 | ||
| 003 | ES-MaACL | ||
| 005 | 20230906174941.0 | ||
| 007 | t| | ||
| 008 | 041119s1931 sp ||||1| spa d | ||
| 100 | 1 |
_aIzquierdo y Croselles, Joaquín. _965748 |
|
| 245 | 1 | 3 |
_aLa noche encantada / _cJoaquín Izquierdo y Croselles. |
| 250 | _a2ª ed. | ||
| 260 |
_aMadrid : _b[s.n., _c1931] ( _fSuc. F. Peña Cruz) |
||
| 300 |
_a188 p. ; _c19 cm. |
||
| 852 |
_aES-MaACL _jB-12354 |
||
| 999 |
_c84122 _d84122 |
||